|
|
|
|
| LEADER |
00000nam a2200000 a 4500 |
| 001 |
vtls008356258 |
| 003 |
SK-MaSNL |
| 005 |
20260301045815.0 |
| 008 |
240314s1974 xo slo |
| 015 |
|
|
|a SNBA1974/10-02680
|
| 035 |
|
|
|a SK01SNK19740048475
|
| 035 |
|
|
|a SKM000050938
|
| 040 |
|
|
|a SNK
|b slo
|c SNK
|e AACR2
|
| 041 |
0 |
|
|a slo
|
| 044 |
|
|
|a xo
|c SK
|
| 080 |
|
|
|a 355.58(075.8)
|2 1981
|
| 100 |
1 |
|
|a Obdržálek, Zdeněk,
|d 1929-2025
|4 aut
|9 257824
|
| 245 |
1 |
0 |
|a Úvod do teórie brannej výchovy
|b ... učeb. text pre internú potrebu štud. FTVŠ UK ...
|c Zdeněk Obdržálek
|
| 260 |
|
|
|a Bratislava
|b UK
|c 1974
|
| 300 |
|
|
|a 145, [1] s.
|b tab.
|c 4°
|
| 366 |
|
|
|e 200 výt.
|
| 490 |
1 |
|
|a Vysokoškolské skriptá
|
| 504 |
|
|
|a Bibliogr.
|
| 650 |
0 |
7 |
|a branná výchova
|2 SNKPH
|9 71875
|
| 655 |
|
7 |
|a učebnice vysokých škôl
|2 SNKPH
|9 70191
|
| 830 |
|
0 |
|a Vysokoškolské skriptá
|9 276440
|
| 852 |
|
|
|a Slovenská národná knižnica v Martine
|b 10000
|h SB 21333
|
| 852 |
|
|
|a Slovenská národná knižnica v Martine
|b 10000
|h SB 21333 D1
|
| 958 |
|
|
|a OND
|
| 958 |
|
|
|a RM
|
| 958 |
|
|
|a NB
|
| 958 |
|
|
|a UV
|
| 958 |
|
|
|a RK
|
| 999 |
|
|
|c 599367
|d 601297
|
| 952 |
|
|
|a SNK
|b SNK
|y PREZ
|7 0
|p 17A0902281
|o snkSB 21333
|i snkKSP 6967/74
|0 0
|1 0
|4 0
|d 2014-04-17
|f 1
|l 0
|r 2025-03-24 00:00:00
|w 2026-02-23
|
| 952 |
|
|
|a SNK
|b SNK
|y VYP
|7 0
|o snkSB 21333 D1
|i snkKSP 6968/74
|0 0
|1 0
|4 0
|d 2014-04-17
|l 0
|r 2026-02-23 15:50:08
|w 2026-02-23
|